| 000 | 01082nas a2200361 4500 | ||
|---|---|---|---|
| 001 | BR0803999 | ||
| 003 | BR-BrBNA | ||
| 005 | 20231205111734.0 | ||
| 007 | ta | ||
| 008 | 230509b bl.|||p| |||| 00| 00por d | ||
| 040 |
_aBR-BrBNA _bpor _cBiblioteca Nacional de Agricultura |
||
| 041 | _a(Pt) | ||
| 072 | _aL74; L70 | ||
| 100 | 1 | _aSilva, L.A.F. da | |
| 100 | 1 | _aSilva, O.C. da | |
| 100 | 1 | _aEurides, D. | |
| 100 | 1 | _aSousa, V.R. de | |
| 100 | 1 | _aSilva, M.A.M. | |
| 100 | 1 | _aFranco, L.G. | |
| 100 | 1 | _aAlcântara, A.S. | |
| 100 | 1 | _aRabelo, R.E. | |
| 100 | 1 | _aDamasceno, A.D. | |
| 100 | 1 | _aGermano Júnior, H. | |
| 245 | 1 | _aHernioplastia umbilical em bovino: emprego de implante de cartilagem auricular homóloga e avaliação clínica dos resultados | |
| 650 | _aDISTÚRBIO FISIOLÓGICO | ||
| 650 | _aHERNIA | ||
| 650 | _aCARTILAGEM | ||
| 650 | _aCIRURGIA | ||
| 650 | _aUMBIGO | ||
| 773 | 0 |
_tActa Scientiae Veterinariae (Brazil) _xISSN 1678-0345 _g(2005), v. 33(1) p. 57-62 _wBR0803999 |
|
| 909 |
_a202311 _bLúcia _c55 _dLúcia Elande |
||
| 942 |
_2AGRIS _n0 _cANA |
||
| 999 |
_c194238 _d194238 |
||